Building a commom future : (Record no. 111818)
[ view plain ]
| 000 -LEADER | |
|---|---|
| campo de control de longitud fija | 00884nam a2200181 4500 |
| 001 - NÚMERO DE CONTROL | |
| campo de control | 872 |
| 005 - FECHA Y HORA DE LA ÚLTIMA TRANSACCIÓN | |
| campo de control | 20230411090048.0 |
| 008 - DATOS DE LONGITUD FIJA--INFORMACIÓN GENERAL | |
| campo de control de longitud fija | 060907n2000 dr spa |
| 035 ## - NÚMERO DE CONTROL DEL SISTEMA | |
| -- | funglode876 |
| 041 ## - CÓDIGO DE IDIOMA | |
| Código de lengua del texto/banda sonora o título independiente | EN |
| 245 0# - MENCIÓN DEL TÍTULO | |
| Título | Building a commom future : |
| Resto del título | United Nations work on financing for development / |
| Mención de responsabilidad, etc. | Sarah Clarke... [et al.] |
| 250 ## - MENCION DE EDICION | |
| Mención de edición | 2 |
| 260 ## - PUBLICACIÓN, DISTRIBUCIÓN, ETC. | |
| Lugar de publicación, distribución, etc. | New York : |
| Nombre del editor, distribuidor, etc. | United Nations, |
| Fecha de publicación, distribución, etc. | 2000 |
| 300 ## - DESCRIPCIÓN FÍSICA | |
| Extensión | 57 p. |
| 520 ## - RESUMEN, ETC. | |
| Sumario, etc. | Introduction, 1. -- Spending for development, 4. -- The UN financing dialogue, 11. -- Elements of the development financing debate : Scope, 20. -- The politics of financing for development, 31. -- The development financing challenge, 34. -- Getting involved, 37. -- Principal financing for development UN documents, 38. -- Principal development yearbooks released by the UN, 39. -- Contacts, 40 |
| 700 ## - ENTRADA AGREGADA--NOMBRE PERSONAL | |
| Nombre de persona | Clarke, Sarah |
| 942 ## - ELEMENTOS DE ENTRADA SECUNDARIOS (KOHA) | |
| Fuente del sistema de clasificación o colocación | Clasificación de Library of Congress |
| Tipo de ítem Koha | |
| Estatus retirado | Estado de pérdida | Fuente del sistema de clasificación o colocación | Estado de daño | No para préstamo | Colección | Biblioteca de origen | Biblioteca actual | Ubicación en estantería | Fecha de adquisición | Código de barras | Visto por última vez | Copia número | Tipo de ítem Koha |
|---|---|---|---|---|---|---|---|---|---|---|---|---|---|
| Clasificación de Library of Congress | Automatización y Procesos Técnicos | Biblioteca Juan Bosch | Biblioteca Juan Bosch | Automatización y Procesos Técnicos (1er. Piso) | 17/02/2019 | 00020020439 | 17/02/2019 | 1 |
